000 01929nam0a22002771 4500
001 rc\4463673
005 20260407172117.0
021 _aRU
_b[65-70755]
035 _a(NLR Aleph) 008592469
090 _a8652372
_c8652372
100 _a20130416d1965 |||y0rusy50 ca
101 0 _arus
102 _aRU
105 _aa z |||||
200 1 _aТезисы и краткие сообщения
_fГос. ком. нефтеперерабатывающей и нефтехим. пром-сти при Госплане СССР. Всесоюз. науч.-исслед. и проектный ин-т синтет. жирозаменителей. Гос. ком. по пищевой пром-сти при Госплане СССР. Всесоюз. науч.-исслед. ин-т жиров. Акад. наук СССР. Ин-т физ. химии. Совет нар. хозяйства Центр.-Черноземного экон. района. Шебекин. хим. комбинат. III Всесоюз. совещание по синтет. жирозаменителям, поверхностноактивным веществам и моющим средствам
210 _aШебекино
_cБ. и.
_d1965
215 _a420 с.
_cчерт.
_d27
320 _aБиблиогр. в конце докладов
606 _aЖирные кислоты, синтетические
_jТезисы докладов
_2psbo
606 _aПоверхностно-активные вещества
_jТезисы докладов
_2psbo
710 1 2 _aВсесоюзное совещание по синтетическим жирозаменителям, поверхностноактивным веществам и моющим средствам
_d3
_f1965
_eШебекино
_3RU\NLR\AUTH\8810108668
_9717515
801 0 _aRU
_bNLR
_gpsbo
801 1 _aRU
_bELAR
_2rusmarc
852 _aNLR
_j65-7/1887
942 _cBOOK
980 _aNB